[Event "Benidorm Satellite preliminary"]
[Site "playchess.com #007036"]
[Date "2009.10.24"]
[Round "6"]
[White "Pupu"]
[Black "Jolan"]
[Result "1-0"]
[WhiteElo "2046"]
[BlackElo "1712"]
[PlyCount "121"]
[EventDate "2009.10.24"]
[EventType "swiss (blitz)"]

1. e4 {[%emt 0:00:02]} Nf6 {[%emt 0:00:03]} 2. e5 {[%emt 0:00:03]} Nd5 {[%emt
0:00:00]} 3. d4 {[%emt 0:00:03]} d6 {[%emt 0:00:01]} 4. exd6 {[%emt 0:00:01]}
exd6 {[%emt 0:00:03]} 5. Nf3 {[%emt 0:00:01]} Bg4 {[%emt 0:00:01]} 6. Be2 {
[%emt 0:00:01]} Be7 {[%emt 0:00:01]} 7. O-O {[%emt 0:00:01]} O-O {[%emt 0:00:
02]} 8. h3 {[%emt 0:00:00]} Bh5 {[%emt 0:00:01]} 9. c4 {[%emt 0:00:08]} Nf6 {
[%emt 0:00:14]} 10. Nc3 {[%emt 0:00:02]} a6 {[%emt 0:00:06]} 11. Bf4 {[%emt 0:
00:07]} Nbd7 {[%emt 0:00:06]} 12. Rc1 {[%emt 0:00:07]} h6 {[%emt 0:00:04]} 13.
a3 {[%emt 0:00:10]} Bg6 {[%emt 0:00:03]} 14. Bd3 {[%emt 0:00:04]} Bxd3 {[%emt
0:00:04]} 15. Qxd3 {[%emt 0:00:02]} Re8 {[%emt 0:00:03]} 16. Rfe1 {[%emt 0:00:
02]} c5 {[%emt 0:00:08]} 17. d5 {[%emt 0:00:08]} Nh5 {[%emt 0:00:12]} 18. Bh2 {
[%emt 0:00:07]} Nb6 {[%emt 0:00:11]} 19. Re2 {[%emt 0:00:19]} Bf8 {[%emt 0:00:
10]} 20. Rce1 {[%emt 0:00:02]} Rxe2 {[%emt 0:00:02]} 21. Rxe2 {[%emt 0:00:07]}
Qf6 {[%emt 0:00:02]} 22. Qe4 {[%emt 0:00:13]} g5 {[%emt 0:00:31]} 23. g4 {
[%emt 0:00:09]} Ng7 {[%emt 0:00:19]} 24. Kg2 {[%emt 0:00:02]} Re8 {[%emt 0:00:
02]} 25. Qd3 {[%emt 0:00:03]} Rxe2 {[%emt 0:00:01]} 26. Qxe2 {[%emt 0:00:01]}
Nd7 {[%emt 0:00:11]} 27. Qe4 {[%emt 0:00:11]} Ne8 {[%emt 0:00:03]} 28. Qxe8 {
[%emt 0:00:03]} Ne5 {[%emt 0:00:08]} 29. Bxe5 {[%emt 0:00:08]} dxe5 {[%emt 0:
00:01]} 30. Qxe5 {[%emt 0:00:01]} Qg6 {[%emt 0:00:02]} 31. Ne4 {[%emt 0:00:07]}
Bg7 {[%emt 0:00:01]} 32. Qf5 {[%emt 0:00:05]} Bxb2 {[%emt 0:00:03]} 33. Qxg6+ {
[%emt 0:00:02]} fxg6 {[%emt 0:00:01]} 34. Nxc5 {[%emt 0:00:05]} Bxa3 {[%emt 0:
00:01]} 35. Nxb7 {[%emt 0:00:01]} Bb4 {[%emt 0:00:03]} 36. d6 {[%emt 0:00:02]}
Kf8 {[%emt 0:00:03]} 37. Ne5 {[%emt 0:00:03]} Bxd6 {[%emt 0:00:13]} 38. Nxd6 {
[%emt 0:00:03]} Ke7 {[%emt 0:00:01]} 39. c5 {[%emt 0:00:01]} a5 {[%emt 0:00:02]
} 40. Ndc4 {[%emt 0:00:06]} Ke6 {[%emt 0:00:03]} 41. Nxg6 {[%emt 0:00:04]} Kd5
{[%emt 0:00:02]} 42. Na3 {[%emt 0:00:07]} Kxc5 {[%emt 0:00:00]} 43. f4 {[%emt
0:00:02]} gxf4 {[%emt 0:00:01]} 44. Nxf4 {[%emt 0:00:02]} Kb4 {[%emt 0:00:00]}
45. Nc2+ {[%emt 0:00:01]} Kc3 {[%emt 0:00:01]} 46. Na3 {[%emt 0:00:12]} Kb3 {
[%emt 0:00:04]} 47. Nb5 {[%emt 0:00:04]} Kc4 {[%emt 0:00:03]} 48. Nd6+ {[%emt
0:00:04]} Kb3 {[%emt 0:00:04]} 49. Ne6 {[%emt 0:00:09]} a4 {[%emt 0:00:01]} 50.
Nb5 {[%emt 0:00:01]} Kb4 {[%emt 0:00:04]} 51. Ned4 {[%emt 0:00:01]} a3 {[%emt
0:00:02]} 52. Nxa3 {[%emt 0:00:01]} Kxa3 {[%emt 0:00:00]} 53. Kf3 {[%emt 0:00:
01]} Kb4 {[%emt 0:00:00]} 54. Ke4 {[%emt 0:00:01]} Kc4 {[%emt 0:00:01]} 55. h4
{[%emt 0:00:01]} Kc5 {[%emt 0:00:01]} 56. g5 {[%emt 0:00:01]} hxg5 {[%emt 0:00:
02]} 57. h5 {[%emt 0:00:02]} Kd6 {[%emt 0:00:00]} 58. h6 {[%emt 0:00:01]} g4 {
[%emt 0:00:01]} 59. h7 {[%emt 0:00:01]} g3 {[%emt 0:00:01]} 60. h8=Q {[%emt 0:
00:01]} g2 {[%emt 0:00:02]} 61. Qg7 {[%emt 0:00:01] Jolan abandonne} 1-0

[Event "Benidorm Satellite preliminary"]
[Site "playchess.com #007036"]
[Date "2009.10.24"]
[Round "6"]
[White "Benitotj"]
[Black "JohnMLN"]
[Result "1-0"]
[WhiteElo "1413"]
[BlackElo "1660"]
[PlyCount "77"]
[EventDate "2009.10.24"]
[EventType "swiss (blitz)"]

1. e4 {[%emt 0:00:02]} e5 {[%emt 0:00:05]} 2. Nf3 {[%emt 0:00:02]} Nc6 {[%emt
0:00:05]} 3. Bc4 {[%emt 0:00:02]} Nf6 {[%emt 0:00:03]} 4. Nc3 {[%emt 0:00:03]}
d6 {[%emt 0:00:16]} 5. d4 {[%emt 0:00:02]} Bg4 {[%emt 0:00:06]} 6. Be2 {[%emt
0:00:07]} Bxf3 {[%emt 0:00:25]} 7. Bxf3 {[%emt 0:00:02]} Nxd4 {[%emt 0:00:02]}
8. O-O {[%emt 0:00:06]} Be7 {[%emt 0:00:15]} 9. Nd5 {[%emt 0:00:04]} Nxd5 {
[%emt 0:00:11]} 10. exd5 {[%emt 0:00:06]} O-O {[%emt 0:00:18]} 11. c3 {[%emt 0:
00:03]} Nf5 {[%emt 0:00:19]} 12. Bg4 {[%emt 0:00:15]} g6 {[%emt 0:00:17]} 13.
c4 {[%emt 0:00:02]} Bf6 {[%emt 0:00:04]} 14. Bxf5 {[%emt 0:00:03]} gxf5 {[%emt
0:00:02]} 15. Bd2 {[%emt 0:00:24]} Bg7 {[%emt 0:00:07]} 16. f4 {[%emt 0:00:05]}
Qf6 {[%emt 0:00:10]} 17. fxe5 {[%emt 0:00:03]} dxe5 {[%emt 0:00:01]} 18. Bc3 {
[%emt 0:00:02]} Qg6 {[%emt 0:00:02]} 19. Qf3 {[%emt 0:00:07]} f4 {[%emt 0:00:
12]} 20. Rae1 {[%emt 0:00:05]} f6 {[%emt 0:00:04]} 21. Qe4 {[%emt 0:00:14]} Kh8
{[%emt 0:00:04]} 22. Qf3 {[%emt 0:00:09]} Rab8 {[%emt 0:00:02]} 23. h4 {[%emt
0:00:01]} b5 {[%emt 0:00:02]} 24. c5 {[%emt 0:00:13]} Rfd8 {[%emt 0:00:03]} 25.
h5 {[%emt 0:00:03]} Qg5 {[%emt 0:00:02]} 26. a3 {[%emt 0:00:13]} Bf8 {[%emt 0:
00:18]} 27. b4 {[%emt 0:00:12]} a5 {[%emt 0:00:02]} 28. Bd2 {[%emt 0:00:21] .}
Ra8 {[%emt 0:00:07]} 29. g3 {[%emt 0:00:05]} Bh6 {[%emt 0:00:07]} 30. Rf2 {
[%emt 0:00:06]} Qf5 {[%emt 0:00:03]} 31. Rh2 {[%emt 0:00:06]} Rg8 {[%emt 0:00:
01]} 32. Rg2 {[%emt 0:00:04]} Rg4 {[%emt 0:00:01]} 33. gxf4 {[%emt 0:00:02]}
Rag8 {[%emt 0:00:02]} 34. Ree2 {[%emt 0:00:02]} exf4 {[%emt 0:00:01]} 35. Rxg4
{[%emt 0:00:02]} Rxg4+ {[%emt 0:00:02]} 36. Rg2 {[%emt 0:00:01]} Qxh5 {[%emt 0:
00:03]} 37. Rxg4 {[%emt 0:00:01]} f5 {[%emt 0:00:01]} 38. Rg8+ {[%emt 0:00:03]}
Kxg8 {[%emt 0:00:01]} 39. Qxh5 {[%emt 0:00:00] Time} 1-0

[Event "Benidorm Satellite preliminary"]
[Site "playchess.com #007036"]
[Date "2009.10.24"]
[Round "6"]
[White "Maximums"]
[Black "Novoselski"]
[Result "0-1"]
[WhiteElo "2644"]
[BlackElo "2707"]
[PlyCount "78"]
[EventDate "2009.10.24"]
[EventType "swiss (blitz)"]

1. d4 {[%emt 0:00:01]} e6 {[%emt 0:00:01]} 2. c4 {[%emt 0:00:01]} f5 {[%emt 0:
00:01]} 3. g3 {[%emt 0:00:01]} Nf6 {[%emt 0:00:01]} 4. Bg2 {[%emt 0:00:00]} Be7
{[%emt 0:00:01]} 5. Nc3 {[%emt 0:00:03]} O-O {[%emt 0:00:08]} 6. Nf3 {[%emt 0:
00:03]} d6 {[%emt 0:00:02]} 7. O-O {[%emt 0:00:03]} Ne4 {[%emt 0:00:01]} 8. Qc2
{[%emt 0:00:02]} Nxc3 {[%emt 0:00:01]} 9. Qxc3 {[%emt 0:00:01]} a5 {[%emt 0:00:
00]} 10. c5 {[%emt 0:00:13]} Nc6 {[%emt 0:00:09]} 11. Bf4 {[%emt 0:00:13]} Bf6
{[%emt 0:00:03]} 12. cxd6 {[%emt 0:00:03]} cxd6 {[%emt 0:00:01]} 13. Rfd1 {
[%emt 0:00:05]} Qe8 {[%emt 0:00:02]} 14. Rac1 {[%emt 0:00:13]} e5 {[%emt 0:00:
04]} 15. dxe5 {[%emt 0:00:15]} dxe5 {[%emt 0:00:00]} 16. Be3 {[%emt 0:00:04]}
f4 {[%emt 0:00:09]} 17. Bc5 {[%emt 0:00:07]} Rf7 {[%emt 0:00:10]} 18. Nd2 {
[%emt 0:00:33]} e4 {[%emt 0:00:10]} 19. Qa3 {[%emt 0:00:15]} e3 {[%emt 0:00:05]
} 20. fxe3 {[%emt 0:00:02]} fxg3 {[%emt 0:00:02]} 21. hxg3 {[%emt 0:00:01]} Qe5
{[%emt 0:00:20]} 22. Ne4 {[%emt 0:00:05]} Bg4 {[%emt 0:00:24]} 23. Nxf6+ {
[%emt 0:00:18]} Rxf6 {[%emt 0:00:04]} 24. Bd6 {[%emt 0:00:11]} Qh5 {[%emt 0:00:
06]} 25. Rc5 {[%emt 0:00:06]} Qg6 {[%emt 0:00:14]} 26. Bf4 {[%emt 0:00:03]}
Bxe2 {[%emt 0:00:09]} 27. Rd7 {[%emt 0:00:03]} Raf8 {[%emt 0:00:21]} 28. Rg5 {
[%emt 0:00:09]} Qb1+ {[%emt 0:00:01]} 29. Kf2 {[%emt 0:00:01]} g6 {[%emt 0:00:
17]} 30. Qb3+ {[%emt 0:00:10]} Kh8 {[%emt 0:00:03]} 31. Kxe2 {[%emt 0:00:03]}
Qg1 {[%emt 0:00:05]} 32. Be4 {[%emt 0:00:26]} Qh2+ {[%emt 0:00:04]} 33. Kd1 {
[%emt 0:00:02]} Nb4 {[%emt 0:00:04]} 34. Kc1 {[%emt 0:00:02]} Qe2 {[%emt 0:00:
12] '} 35. Rd2 {[%emt 0:00:03]} Rc8+ {[%emt 0:00:05]} 36. Bc2 {[%emt 0:00:01]}
Qf3 {[%emt 0:00:08]} 37. Kb1 {[%emt 0:00:03]} Nxc2 {[%emt 0:00:05]} 38. a3 {
[%emt 0:00:04]} Qf1+ {[%emt 0:00:02]} 39. Ka2 {[%emt 0:00:01]} Qa1# {[%emt 0:
00:01]} 0-1

[Event "Benidorm Satellite preliminary"]
[Site "playchess.com #007036"]
[Date "2009.10.24"]
[Round "6"]
[White "-st!er-"]
[Black "FaIlWoRd"]
[Result "1-0"]
[WhiteElo "2844"]
[BlackElo "2708"]
[PlyCount "115"]
[EventDate "2009.10.24"]
[EventType "swiss (blitz)"]

1. d4 {[%emt 0:00:02]} Nf6 {[%emt 0:00:01]} 2. c4 {[%emt 0:00:01]} g6 {[%emt 0:
00:01]} 3. Nc3 {[%emt 0:00:02]} d5 {[%emt 0:00:01]} 4. cxd5 {[%emt 0:00:02]}
Nxd5 {[%emt 0:00:01]} 5. e4 {[%emt 0:00:00]} Nxc3 {[%emt 0:00:01]} 6. bxc3 {
[%emt 0:00:00]} Bg7 {[%emt 0:00:01]} 7. Nf3 {[%emt 0:00:00]} c5 {[%emt 0:00:01]
} 8. Be3 {[%emt 0:00:01]} Qa5 {[%emt 0:00:01]} 9. Qd2 {[%emt 0:00:01]} Nc6 {
[%emt 0:00:02]} 10. Rb1 {[%emt 0:00:03]} a6 {[%emt 0:00:11]} 11. Rc1 {[%emt 0:
00:04]} cxd4 {[%emt 0:00:49]} 12. cxd4 {[%emt 0:00:03]} Qxd2+ {[%emt 0:00:03]}
13. Kxd2 {[%emt 0:00:00]} O-O {[%emt 0:00:05]} 14. d5 {[%emt 0:00:08]} Ne5 {
[%emt 0:00:21]} 15. Nxe5 {[%emt 0:00:03]} Bxe5 {[%emt 0:00:00]} 16. a4 {[%emt
0:00:09]} Bd7 {[%emt 0:00:08]} 17. a5 {[%emt 0:00:03]} Rfc8 {[%emt 0:00:08]}
18. Be2 {[%emt 0:00:04]} e6 {[%emt 0:00:13]} 19. Bc4 {[%emt 0:00:05]} Bb2 {
[%emt 0:00:50]} 20. Rc2 {[%emt 0:00:03]} Ba3 {[%emt 0:00:01]} 21. Rb1 {[%emt 0:
00:05]} Ba4 {[%emt 0:00:21]} 22. Rc3 {[%emt 0:00:02]} exd5 {[%emt 0:00:02]} 23.
Bxd5 {[%emt 0:00:08]} Rxc3 {[%emt 0:00:01]} 24. Kxc3 {[%emt 0:00:00]} Rc8+ {
[%emt 0:00:02]} 25. Kd2 {[%emt 0:00:01]} Bc6 {[%emt 0:00:11]} 26. Bxc6 {[%emt
0:00:06]} bxc6 {[%emt 0:00:01]} 27. Rb6 {[%emt 0:00:01]} Ra8 {[%emt 0:00:02]}
28. Kc3 {[%emt 0:00:03]} c5 {[%emt 0:00:01]} 29. Kc4 {[%emt 0:00:05]} Bb4 {
[%emt 0:00:00]} 30. Rc6 {[%emt 0:00:07]} Bxa5 {[%emt 0:00:01]} 31. Bxc5 {[%emt
0:00:01]} Bd8 {[%emt 0:00:09]} 32. g4 {[%emt 0:00:01]} a5 {[%emt 0:00:03]} 33.
f3 {[%emt 0:00:02]} a4 {[%emt 0:00:03]} 34. Ba3 {[%emt 0:00:02]} Bg5 {[%emt 0:
00:03]} 35. Kb5 {[%emt 0:00:15] .} Bf4 {[%emt 0:00:02]} 36. h3 {[%emt 0:00:05]}
Rd8 {[%emt 0:00:04]} 37. Be7 {[%emt 0:00:08]} Rb8+ {[%emt 0:00:04]} 38. Kxa4 {
[%emt 0:00:02]} h6 {[%emt 0:00:01]} 39. Bf6 {[%emt 0:00:09]} Bg5 {[%emt 0:00:
02]} 40. Bc3 {[%emt 0:00:07]} Bd8 {[%emt 0:00:02]} 41. f4 {[%emt 0:00:07]} Be7
{[%emt 0:00:01]} 42. f5 {[%emt 0:00:02]} gxf5 {[%emt 0:00:02]} 43. Rxh6 {[%emt
0:00:04]} f6 {[%emt 0:00:04]} 44. exf5 {[%emt 0:00:01]} Kg7 {[%emt 0:00:02]}
45. g5 {[%emt 0:00:01]} Kf7 {[%emt 0:00:05]} 46. Rh7+ {[%emt 0:00:02]} Ke8 {
[%emt 0:00:01]} 47. Rh8+ {[%emt 0:00:01]} Bf8 {[%emt 0:00:01]} 48. g6 {[%emt 0:
00:01]} Rb7 {[%emt 0:00:01]} 49. h4 {[%emt 0:00:03]} Ra7+ {[%emt 0:00:01]} 50.
Kb3 {[%emt 0:00:01]} Rb7+ {[%emt 0:00:01]} 51. Kc2 {[%emt 0:00:01]} Rc7 {[%emt
0:00:01]} 52. h5 {[%emt 0:00:01]} Ra7 {[%emt 0:00:08]} 53. h6 {[%emt 0:00:02]}
Rh7 {[%emt 0:00:01]} 54. Rxh7 {[%emt 0:00:02]} Bg7 {[%emt 0:00:01]} 55. Rxg7 {
[%emt 0:00:03]} Kf8 {[%emt 0:00:01]} 56. Bxf6 {[%emt 0:00:01]} Ke8 {[%emt 0:00:
01]} 57. h7 {[%emt 0:00:00]} Kf8 {[%emt 0:00:00]} 58. h8=Q# {[%emt 0:00:00]}
1-0

[Event "Benidorm Satellite preliminary"]
[Site "playchess.com #007036"]
[Date "2009.10.24"]
[Round "6"]
[White "LaOla"]
[Black "Direchess"]
[Result "0-1"]
[WhiteElo "2390"]
[BlackElo "1941"]
[PlyCount "86"]
[EventDate "2009.10.24"]
[EventType "swiss (blitz)"]

1. e4 {[%emt 0:00:01]} c5 {[%emt 0:00:01]} 2. Nf3 {[%emt 0:00:01]} e6 {[%emt 0:
00:01]} 3. d4 {[%emt 0:00:01]} cxd4 {[%emt 0:00:00]} 4. Nxd4 {[%emt 0:00:00]}
a6 {[%emt 0:00:04]} 5. Bd3 {[%emt 0:00:02]} Nc6 {[%emt 0:00:01]} 6. Nxc6 {
[%emt 0:00:04]} bxc6 {[%emt 0:00:00]} 7. O-O {[%emt 0:00:01]} Nf6 {[%emt 0:00:
02]} 8. Qe2 {[%emt 0:00:01]} d5 {[%emt 0:00:03]} 9. e5 {[%emt 0:00:01]} Nd7 {
[%emt 0:00:01]} 10. f4 {[%emt 0:00:00]} Qc7 {[%emt 0:00:02]} 11. Nd2 {[%emt 0:
00:03]} c5 {[%emt 0:00:02]} 12. c4 {[%emt 0:00:02]} d4 {[%emt 0:00:02]} 13. Ne4
{[%emt 0:00:01]} Bb7 {[%emt 0:00:01]} 14. Kh1 {[%emt 0:00:04]} h5 {[%emt 0:00:
01]} 15. Rb1 {[%emt 0:00:08]} h4 {[%emt 0:00:17]} 16. h3 {[%emt 0:00:02]} Be7 {
[%emt 0:00:03]} 17. Bd2 {[%emt 0:00:02]} a5 {[%emt 0:00:04]} 18. Qg4 {[%emt 0:
00:09]} g6 {[%emt 0:00:03] Direchess ofrece tablas} 19. Qe2 {[%emt 0:00:04]}
Qc6 {[%emt 0:00:31]} 20. a3 {[%emt 0:00:18]} a4 {[%emt 0:00:06]} 21. Rf2 {
[%emt 0:00:01]} Qc7 {[%emt 0:00:17]} 22. Re1 {[%emt 0:00:04]} Qb6 {[%emt 0:00:
02]} 23. Bc1 {[%emt 0:00:02]} Qc7 {[%emt 0:00:04]} 24. Qg4 {[%emt 0:00:11]} Qc6
{[%emt 0:00:02]} 25. Ng5 {[%emt 0:00:04]} Nf8 {[%emt 0:00:09]} 26. Ne4 {[%emt
0:00:12]} Nd7 {[%emt 0:00:04]} 27. Ref1 {[%emt 0:00:06]} Rb8 {[%emt 0:00:11]}
28. Qe2 {[%emt 0:00:05]} Ra8 {[%emt 0:00:06]} 29. Ng5 {[%emt 0:00:02]} Qc7 {
[%emt 0:00:11]} 30. Bxg6 {[%emt 0:00:18]} fxg6 {[%emt 0:00:02]} 31. Nxe6 {
[%emt 0:00:01]} Qc6 {[%emt 0:00:06]} 32. Ng5 {[%emt 0:00:07]} Bxg5 {[%emt 0:00:
24]} 33. fxg5 {[%emt 0:00:01]} Rf8 {[%emt 0:00:01]} 34. e6 {[%emt 0:00:05]}
Rxf2 {[%emt 0:00:04]} 35. exd7+ {[%emt 0:00:02]} Kxd7 {[%emt 0:00:01]} 36. Rxf2
{[%emt 0:00:01]} Re8 {[%emt 0:00:05]} 37. Rf7+ {[%emt 0:00:08]} Kd8 {[%emt 0:
00:01]} 38. Qf2 {[%emt 0:00:16]} Re1+ {[%emt 0:00:05]} 39. Kh2 {[%emt 0:00:07]}
Rxc1 {[%emt 0:00:37]} 40. Rg7 {[%emt 0:00:11] LaOla bietet Remis} Qd6+ {[%emt
0:00:12]} 41. g3 {[%emt 0:00:02]} hxg3+ {[%emt 0:00:03]} 42. Qxg3 {[%emt 0:00:
01]} Rc2+ {[%emt 0:00:01]} 43. Kg1 {[%emt 0:00:01]} Qxg3+ {[%emt 0:00:01]
LaOla gibt auf} 0-1

[Event "Benidorm Satellite preliminary"]
[Site "playchess.com #007036"]
[Date "2009.10.24"]
[Round "6"]
[White "Dimitri_Ovanov"]
[Black "Ajalcaide"]
[Result "1-0"]
[WhiteElo "1623"]
[BlackElo "1410"]
[PlyCount "67"]
[EventDate "2009.10.24"]
[EventType "swiss (blitz)"]

1. c4 {[%emt 0:00:03]} Nf6 {[%emt 0:00:04]} 2. Nc3 {[%emt 0:00:01]} e5 {[%emt
0:00:04]} 3. d3 {[%emt 0:00:01]} c5 {[%emt 0:00:19]} 4. g3 {[%emt 0:00:10]} Nc6
{[%emt 0:00:15]} 5. Nf3 {[%emt 0:00:02]} b6 {[%emt 0:00:13]} 6. Bg2 {[%emt 0:
00:02]} Bb7 {[%emt 0:00:01]} 7. O-O {[%emt 0:00:04]} Rb8 {[%emt 0:00:06]} 8. a4
{[%emt 0:00:06]} h6 {[%emt 0:00:14]} 9. Bd2 {[%emt 0:00:03]} Nd4 {[%emt 0:00:
04]} 10. Nxe5 {[%emt 0:00:03]} Bxg2 {[%emt 0:00:06]} 11. Kxg2 {[%emt 0:00:01]}
Bd6 {[%emt 0:00:11]} 12. Nf3 {[%emt 0:00:02]} O-O {[%emt 0:00:03]} 13. Nxd4 {
[%emt 0:00:03]} cxd4 {[%emt 0:00:01]} 14. Nb5 {[%emt 0:00:11]} Bc7 {[%emt 0:00:
28]} 15. Nxd4 {[%emt 0:00:03]} Ng4 {[%emt 0:00:09]} 16. Nf3 {[%emt 0:00:10]} f5
{[%emt 0:00:08]} 17. Bc3 {[%emt 0:00:14]} Rb7 {[%emt 0:00:15]} 18. d4 {[%emt 0:
00:01]} d5 {[%emt 0:00:03]} 19. cxd5 {[%emt 0:00:24]} Qxd5 {[%emt 0:00:03]} 20.
Qd3 {[%emt 0:00:45]} f4 {[%emt 0:00:08]} 21. e4 {[%emt 0:00:23]} Qh5 {[%emt 0:
00:05]} 22. h3 {[%emt 0:00:07]} Nf6 {[%emt 0:00:09]} 23. e5 {[%emt 0:00:11]}
fxg3 {[%emt 0:00:04]} 24. fxg3 {[%emt 0:00:02]} Nd5 {[%emt 0:00:05]} 25. Qe4 {
[%emt 0:00:20]} Nxc3 {[%emt 0:00:06]} 26. bxc3 {[%emt 0:00:02]} Rbb8 {[%emt 0:
00:06]} 27. d5 {[%emt 0:00:02]} Rbe8 {[%emt 0:00:02]} 28. e6 {[%emt 0:00:01]}
Re7 {[%emt 0:00:11]} 29. Nd4 {[%emt 0:00:14] .} Be5 {[%emt 0:00:05]} 30. Rxf8+
{[%emt 0:00:02]} Kxf8 {[%emt 0:00:02]} 31. Rf1+ {[%emt 0:00:00]} Kg8 {[%emt 0:
00:01]} 32. Nf5 {[%emt 0:00:00]} Bxg3 {[%emt 0:00:04]} 33. Nxg3 {[%emt 0:00:02]
} Qg6 {[%emt 0:00:04]} 34. Qxg6 {[%emt 0:00:02] Tiempo} 1-0

[Event "Benidorm Satellite preliminary"]
[Site "playchess.com #007036"]
[Date "2009.10.24"]
[Round "6"]
[White "Mtudorache"]
[Black "Munchie the 5th"]
[Result "0-1"]
[WhiteElo "1793"]
[BlackElo "1624"]
[PlyCount "84"]
[EventDate "2009.10.24"]
[EventType "swiss (blitz)"]

1. e4 {[%emt 0:00:06]} e5 {[%emt 0:00:01]} 2. Nf3 {[%emt 0:00:05]} Nc6 {[%emt
0:00:01]} 3. Bb5 {[%emt 0:00:01]} a6 {[%emt 0:00:01]} 4. Ba4 {[%emt 0:00:01]}
Nf6 {[%emt 0:00:01]} 5. O-O {[%emt 0:00:01]} Be7 {[%emt 0:00:01]} 6. Re1 {
[%emt 0:00:01]} b5 {[%emt 0:00:01]} 7. Bb3 {[%emt 0:00:00]} O-O {[%emt 0:00:02]
} 8. a4 {[%emt 0:00:01]} bxa4 {[%emt 0:00:06]} 9. Rxa4 {[%emt 0:00:26]} d6 {
[%emt 0:00:05]} 10. d4 {[%emt 0:00:08]} Bd7 {[%emt 0:00:04]} 11. dxe5 {[%emt 0:
00:05]} Nxe5 {[%emt 0:00:02]} 12. Rd4 {[%emt 0:00:01]} Nc6 {[%emt 0:00:07]} 13.
Rd3 {[%emt 0:00:07]} Qc8 {[%emt 0:00:11]} 14. e5 {[%emt 0:00:04]} dxe5 {[%emt
0:00:07]} 15. Nxe5 {[%emt 0:00:01]} Nxe5 {[%emt 0:00:01]} 16. Rxe5 {[%emt 0:00:
02]} Bd6 {[%emt 0:00:01]} 17. Re1 {[%emt 0:00:31]} Bb5 {[%emt 0:00:16]} 18.
Rde3 {[%emt 0:00:07]} Ng4 {[%emt 0:00:13]} 19. Re4 {[%emt 0:00:05]} Bxh2+ {
[%emt 0:00:02]} 20. Kh1 {[%emt 0:00:21]} Nxf2+ {[%emt 0:00:02]} 21. Kxh2 {
[%emt 0:00:01]} Nxd1 {[%emt 0:00:01]} 22. Rxd1 {[%emt 0:00:02]} Qf5 {[%emt 0:
00:01]} 23. Rdd4 {[%emt 0:00:10]} Bc6 {[%emt 0:00:16]} 24. Rf4 {[%emt 0:00:05]}
Qe5 {[%emt 0:00:06]} 25. Nc3 {[%emt 0:00:08]} g5 {[%emt 0:00:07]} 26. g3 {
[%emt 0:00:05]} gxf4 {[%emt 0:00:02]} 27. Bxf4 {[%emt 0:00:01]} Qxd4 {[%emt 0:
00:02]} 28. Ne2 {[%emt 0:00:02]} Qf2+ {[%emt 0:00:03]} 29. Kh3 {[%emt 0:00:00]}
Bg2+ {[%emt 0:00:09]} 30. Kh4 {[%emt 0:00:02]} Qxe2 {[%emt 0:00:01]} 31. Bxc7 {
[%emt 0:00:33]} Bb7 {[%emt 0:00:01]} 32. Bf4 {[%emt 0:00:02]} Bc8 {[%emt 0:00:
04]} 33. Kg5 {[%emt 0:00:10]} Qe7+ {[%emt 0:00:16]} 34. Kh5 {[%emt 0:00:05]}
Qf6 {[%emt 0:00:22]} 35. Bg5 {[%emt 0:00:24]} Qg6+ {[%emt 0:00:05]} 36. Kh4 {
[%emt 0:00:01]} h6 {[%emt 0:00:02]} 37. g4 {[%emt 0:00:04]} Qxg5+ {[%emt 0:00:
02]} 38. Kg3 {[%emt 0:00:01]} Qxg4+ {[%emt 0:00:01]} 39. Kf2 {[%emt 0:00:00]}
Qf4+ {[%emt 0:00:03]} 40. Ke2 {[%emt 0:00:01]} Bg4+ {[%emt 0:00:02]} 41. Kd3 {
[%emt 0:00:01]} Rfd8+ {[%emt 0:00:04]} 42. Kc3 {[%emt 0:00:02]} Rac8+ {[%emt 0:
00:01] Tempo} 0-1

[Event "Benidorm Satellite preliminary"]
[Site "playchess.com #007036"]
[Date "2009.10.24"]
[Round "6"]
[White "Fighterknight"]
[Black "Borya_ider"]
[Result "0-1"]
[WhiteElo "2283"]
[BlackElo "2664"]
[PlyCount "90"]
[EventDate "2009.10.24"]
[EventType "swiss (blitz)"]

1. e4 {[%emt 0:00:02]} e6 {[%emt 0:00:01]} 2. d4 {[%emt 0:00:01]} d5 {[%emt 0:
00:01]} 3. Nc3 {[%emt 0:00:01]} Bb4 {[%emt 0:00:01]} 4. e5 {[%emt 0:00:01]} Ne7
{[%emt 0:00:02]} 5. Bd2 {[%emt 0:00:12]} c5 {[%emt 0:00:02]} 6. Nb5 {[%emt 0:
00:01]} Bxd2+ {[%emt 0:00:01]} 7. Qxd2 {[%emt 0:00:00]} O-O {[%emt 0:00:00]} 8.
dxc5 {[%emt 0:00:02]} Nd7 {[%emt 0:00:02]} 9. Qc3 {[%emt 0:00:03]} Nc6 {[%emt
0:00:03]} 10. Nf3 {[%emt 0:00:06]} a6 {[%emt 0:00:03]} 11. Nd6 {[%emt 0:00:05]}
f6 {[%emt 0:00:21]} 12. exf6 {[%emt 0:00:24]} Rxf6 {[%emt 0:00:02]} 13. Be2 {
[%emt 0:00:09]} e5 {[%emt 0:00:03]} 14. Rd1 {[%emt 0:00:07]} e4 {[%emt 0:00:07]
} 15. Nd4 {[%emt 0:00:14]} Nxd4 {[%emt 0:00:16]} 16. Qxd4 {[%emt 0:00:09]} Qa5+
{[%emt 0:00:54]} 17. b4 {[%emt 0:00:29]} Qxa2 {[%emt 0:00:04]} 18. c4 {[%emt 0:
00:09]} Nf8 {[%emt 0:00:11]} 19. cxd5 {[%emt 0:00:08]} Bd7 {[%emt 0:00:02]} 20.
Nxe4 {[%emt 0:00:12]} Rf4 {[%emt 0:00:02]} 21. Bc4 {[%emt 0:00:35]} Qa3 {[%emt
0:00:22]} 22. d6+ {[%emt 0:00:02]} Kh8 {[%emt 0:00:03]} 23. O-O {[%emt 0:00:07]
} Re8 {[%emt 0:00:09]} 24. f3 {[%emt 0:00:04]} Qxb4 {[%emt 0:00:02]} 25. Rb1 {
[%emt 0:00:01]} Qa4 {[%emt 0:00:09]} 26. Ra1 {[%emt 0:00:05]} Qc6 {[%emt 0:00:
02]} 27. Bd5 {[%emt 0:00:02]} Qc8 {[%emt 0:00:02]} 28. Qd2 {[%emt 0:00:12]} Rf5
{[%emt 0:00:05]} 29. g4 {[%emt 0:00:02]} Rfe5 {[%emt 0:00:17] '} 30. Rac1 {
[%emt 0:00:01]} h6 {[%emt 0:00:02]} 31. g5 {[%emt 0:00:01]} Bh3 {[%emt 0:00:04]
} 32. Rf2 {[%emt 0:00:02]} Qf5 {[%emt 0:00:04]} 33. gxh6 {[%emt 0:00:03]} Rxd5
{[%emt 0:00:03]} 34. Qb2 {[%emt 0:00:02]} Qg6+ {[%emt 0:00:02]} 35. Kh1 {[%emt
0:00:01]} Qxh6 {[%emt 0:00:02]} 36. Rg1 {[%emt 0:00:01]} Rf5 {[%emt 0:00:04]}
37. Ng5 {[%emt 0:00:01]} Rf6 {[%emt 0:00:11]} 38. f4 {[%emt 0:00:03]} Bd7 {
[%emt 0:00:03]} 39. Qxb7 {[%emt 0:00:03]} Rc8 {[%emt 0:00:03]} 40. Qd5 {[%emt
0:00:01]} Bc6 {[%emt 0:00:02]} 41. Qxc6 {[%emt 0:00:00]} Rxc6 {[%emt 0:00:01]}
42. Rfg2 {[%emt 0:00:04]} Rxc5 {[%emt 0:00:01]} 43. Ne4 {[%emt 0:00:01]} Rc8 {
[%emt 0:00:02]} 44. Nxf6 {[%emt 0:00:01]} Qxf6 {[%emt 0:00:01]} 45. Rxg7 {
[%emt 0:00:02]} Qxg7 {[%emt 0:00:01] Fighterknight resigns  (Lag: Av=0.64s,
max=1.7s)} 0-1